00542nam a2200157Ia 450000500170000000800410001708200150005824500550007326000580012830000170018650000340020370000290023794200060026695200970027299900150036920250429065159.0240331s9999 xx 000 0 und d bAYYa294.5 0aAyyanar kataipptal :ba palmleaf ballad on Ayyanar aChennaibTamil Olaisuvadikal Paathukappu Maiyamc1994 aVi, 154 p ., aA Palm-leaf Ballad on Ayyanar aThasarathan,A. . Dreedt cL 001040708LaWERCLbWERCLcSSCd2024-03-31l0o 294.5 AYYp2246r2024-03-31w2024-03-31yL c1367d1367